000 00724nam a2200265Ia 4500
008 160319s9999 xx 000 0 und d
020 _a0-563546832
050 _aFic
050 _b.C724b 2003
100 _aColtman, Penny
245 _aColours /
245 _cPenny Coltman.
260 _aLondon :
260 _bBBC Educational,
260 _c2003
300 _a24 pages;
300 _bchiefly color illustrations ;
300 _c27 cm.
440 _aBob the Builder.
500 _aBook with one page of stickers.
650 _aBob the Builder (Fictitious character) -- Pictorial works --
650 _aColors -- Pictorial works --
650 _xJuvenile fiction.
650 _xJuvenile fiction.
999 _c292066
_d292066